000 01335nkm a2200385 c 4500
999 _c210084
_d210084
003 BLK
005 20200429152924.0
008 180412b bul rap|r|||| r0| ||bulo|
010 _aKNG00161730000
020 _a2-7072-0093-Х
040 _aBLK
041 _aFRE
_cFRE
080 _aХудожествени изделия из слонова кост, рога, кости и др.
_b745.55
_z745.55
100 1 _aMannoni, Edith
_eпърви автор
_917766
139 _aMannoni, Edith
_bM 25
_gМ 27 Е
245 1 0 _aL'Amour des ivoires
_cEdith Mannoni.
257 _aFRA
260 _bCh. Massin
_c1984
300 _a64 p.
_bill.
_c32 cm
380 _a7
650 4 _aПриложно и декоративно изкуство
_9248151
653 _aмалки пластики
653 _aслонова кост
653 _aеротика
653 _aпластични изкуства
653 _aветрила
653 _aчасовници
653 _aпечати
653 _aантиквариат
852 _aЦб Гр А ІІ 3358
856 4 _qpdf
_u
856 4 _qpdf
_u
942 _cGRA
_n0
_s1
944 _aCR
_c05.06.2014
_l05.06.2014 - от С1,Р / 05.06.2014
_kКамелия_Данева
944 _aED
_c10.10.2015
_l05.06.2014 - от С1,Р / 05.06.2014
_kИрена_Линкова
999 _d210084